1758 1133 1662 1872 1965 1673 1462 1489 1189 1392 1729 1952 1722 1220 1243 1298 1045 1523 1584 1229 1044 1512 1553 1871 1514 1528 1264 1095 1701 1573 1296 1944 1303 1049 1861 1434 1181 1413 1947 1477 1546 1703 1485 1797 1113 1128 1241 1752 1539 1430 1080 1305 1811 1997 1001 1218 1478 1358 1720 1148 1524 1243 1349 1309 1796 1288 1605 1138 1311 1173 1608 1860 1314 1048 1372 1867 1475 1661 1105 1713 1711 1778 1595 1731 1050 1219 1297 1744 1297 1644 1990 1565 1621 1288 1197 1627 1002 1223 1320 BCNSPRNW ULIB Ver.6.0+V

เปลี่ยนเป็นภาษาไทย

Change to English
 แสดงรายละเอียดบรรณานุกรม
  กลับหน้าหลัก

Brief Record : Get Marc (ISO 2709) : E-mail record : QR code < ปิดหน้าต่าง
LEADER : 00000nam 2200000uu 4500
001    13399125342
003     ULIB
008    170505s2557||||th 000 0 tha d
020    ^a9786162794469
060 04 ^aWI140^bส826C
245 00 ^aClinical practice in gastroenterology /^cบรรณาธิการ, สุพจน์พงศ์ประสบชัย, ทวีศักดิ์ แทนวันดี, สถาพร มานัสสถิตย์
250    ^aพิมพ์ครั้งที่ 3
260    ^aกรุงเทพฯ :^bสาขาวิชาโรคระบบทางเดินอาหาร ภาควิชาอายุรศาสตร์คณะแพทยศาสตร์ศิริราชพยาบาล มหาวิทยาลัยมหิดล,^c2557
300    ^aก-ซ, 577 หน้า :^bภาพประกอบ ;^c26 ซม.
650  2 ^aGastrointestinal Diseases^xdiagnosis
650  2 ^aGastrointestinal Diseases^xtherapy
650  2 ^aGastroenterology
650  4 ^aกระเพาะอาหารและลำไส้, โรค
650  4 ^aกระเพาะอาหารและลำไส้, วิทยา
650  4 ^aกระเพาะอาหารและลำไส้, โรค^xการรักษา
650  4 ^aกระเพาะอาหารและลำไส้, โรค^xการวินิจฉัย
653    ^aผลงานอาจารย์คณะแพทยศาสตร์ศิริราชพยาบาล
700 0  ^aสถาพร มานัสสถิตย์,^eบรรณาธิการ
700 0  ^aสุพจน์ พงศ์ประสบชัย,^eบรรณาธิการ
700 0  ^aทวีศักดิ์ แทนวันดี,^eบรรณาธิการ
710 2  ^aมหาวิทยาลัยมหิดล.^bคณะแพทยศาสตร์ศิริราชพยาบาล.^bภาควิชาอายุรศาสตร์.^bสาขาวิชาโรคระบบทางเดินอาหาร
945    ^p0^l0^i002046
945    ^p0^l0^i002047
999    ^aวรรณษา ชูชัยมงคล
รายการนี้ยังไม่มีแท็ก
คุณยังไม่ได้ล็อกอิน คุณสามารถมีกิจกรรมร่วมกับเว็บไซต์ได้ แต่ต้องล็อกอินก่อน ::
  ล็อกอิน

รายการสื่อสารสนเทศ

ลำดับที่ ประเภท เลขเรียก/บาร์โค้ด สถานที่ สถานะ
1. วิทยาศาสตร์การแพทย์ และสุขภาพ
วิทยาศาสตร์การแพทย์ และสุขภาพ
สถานะ=หนังสือเก่า
WI140 ส826C ฉ.1 
  Barcode: 002046
ห้องสมุดวิทยาเขตสวรรค์ประชารักษ์
►ส่วนจัดเก็บหนังสือเก่า สปร
บนชั้น
  ขอยืม
2. วิทยาศาสตร์การแพทย์ และสุขภาพ
วิทยาศาสตร์การแพทย์ และสุขภาพ
สถานะ=หนังสือเก่า
WI140 ส826C ฉ.2 
  Barcode: 002047
ห้องสมุดวิทยาเขตสวรรค์ประชารักษ์
►ส่วนจัดเก็บหนังสือเก่า สปร
บนชั้น
  ขอยืม

รายการใกล้เคียง
    หัวเรื่อง [Gastroenterology]
    หัวเรื่อง [กระเพาะอาหารและลำไส้, โรค]
    หัวเรื่อง [กระเพาะอาหารและลำไส้, วิทยา]

BibComment


ยังไม่เคยถูกคอมเมนท์

คอมเมนท์ทรัพยากรรายการนี้
  คอมเมนท์: Clinical practic..


 Copyright 2026. Bcnsprnw @Library